L'ocell canta. Baya pinta... : (Record no. 195441)

MARC details
000 -LEADER
campo de control de longitud fija 01703nam a2200433 i 4500
001 - NÚMERO DE CONTROL
campo de control 195441
003 - IDENTIFICADOR DE NÚMERO DE CONTROL
campo de control ES-MaACL
005 - FECHA Y HORA DE LA ÚLTIMA TRANSACCIÓN
campo de control 20240615063033.0
007 - CAMPO FIJO DE DESCRIPCIÓN FÍSICA--INFORMACIÓN GENERAL
campo de control de longitud fija ta
008 - DATOS DE LONGITUD FIJA--INFORMACIÓN GENERAL
campo de control de longitud fija 240613s2024 spca||| ||||o0|0 0 cat|
015 ## - NÚMERO DE BIBLIOGRAFÍA NACIONAL
Número de bibliografía nacional LL2024
Fuente bnc
017 ## - NÚMERO DE COPYRIGHT O DE DEPÓSITO LEGAL
Número de copyright o de depósito legal DL T 161-2024
Agencia que asigna Biblioteca de Catalunya
020 ## - NÚMERO INTERNACIONAL ESTÁNDAR DEL LIBRO
Número Internacional Estándar del Libro 9788419166074
035 ## - NÚMERO DE CONTROL DEL SISTEMA
Número de control de sistema 991061119829306706
040 ## - FUENTE DE CATALOGACIÓN
Centro catalogador/agencia de origen ES-BaBC
Lengua de catalogación cat
Normas de descripción rda
Centro/agencia transcriptor ES-BaBC
Centro/agencia modificador ES-BaUB
080 ## - NÚMERO DE LA CLASIFICACIÓN DECIMAL UNIVERSAL
Número de la Clasificación Decimal Universal 75Baya
Subdivisión auxiliar común (083.824)
Identificador de la edición 2004
080 ## - NÚMERO DE LA CLASIFICACIÓN DECIMAL UNIVERSAL
Número de la Clasificación Decimal Universal 7.074
Subdivisión auxiliar común (083.824)
Identificador de la edición 2004
080 ## - NÚMERO DE LA CLASIFICACIÓN DECIMAL UNIVERSAL
Número de la Clasificación Decimal Universal 7(65)(Bay)
100 0# - ENTRADA PRINCIPAL--NOMBRE DE PERSONA
Nombre de persona Baya,
Fechas asociadas al nombre 1931-1998
9 (RLIN) 236966
245 12 - MENCIÓN DEL TÍTULO
Título L'ocell canta. Baya pinta... :
Resto del título Fatma Haddad, Baya : Bordj-el-Kifan, 1931-Blida, 1998, Algèria : col·lecció Salim Becha /
Mención de responsabilidad, etc. textos: Pilar Bonet Julve
264 #1 - PRODUCCIÓN, PUBLICACIÓN, DISTRIBUCIÓN, FABRICACIÓN Y COPYRIGHT
Producción, publicación, distribución, fabricación y copyright Tarragona :
Nombre del de productor, editor, distribuidor, fabricante Diputació de Tarragona,
Fecha de producción, publicación, distribución, fabricación o copyright [2024]
300 ## - DESCRIPCIÓN FÍSICA
Extensión 29 páginas :
Otras características físicas ilustraciones en color ;
Dimensiones 25 cm
336 ## - TIPO DE CONTENIDO
Término de tipo de contenido text
Código de tipo de contenido txt
Fuente rdacontent
336 ## - TIPO DE CONTENIDO
Término de tipo de contenido imatge fixa
Código de tipo de contenido sti
Fuente rdacontent
337 ## - TIPO DE MEDIO
Nombre/término del tipo de medio sense mediació
Código del tipo de medio n
Fuente rdamedia
338 ## - TIPO DE SOPORTE
Nombre/término del tipo de soporte volum
Código del tipo de soporte nc
Fuente rdacarrier
500 ## - NOTA GENERAL
Nota general Catálogo de la exposición celebrada en el Museu d'Art Modern de Tarragona del 29 de febrero al 23 de junio de 2024
546 ## - NOTA DE IDIOMA
Nota de lengua/lenguaje Text en català, castellà i francès
600 07 - PUNTO DE ACCESO ADICIONAL DE MATERIA--NOMBRE DE PERSONA
Nombre de persona Baya,
Fechas asociadas al nombre 1931-1998
Subdivisión de forma Exposiciones
Fuente del encabezamiento o término lemac
9 (RLIN) 236967
600 17 - PUNTO DE ACCESO ADICIONAL DE MATERIA--NOMBRE DE PERSONA
Nombre de persona Becha, Salim
Subdivisión de forma Exposiciones
Fuente del encabezamiento o término lemac
9 (RLIN) 236968
655 #7 - TERMINO DE INDIZACIÓN--GENERO/FORMA
Fuente del término tgfbne
9 (RLIN) 193628
Datos o término principal de género/forma Catálogos de exposiciones
700 1# - ENTRADA AGREGADA--NOMBRE PERSONAL
Nombre de persona Bonet, Pilar,
Fechas asociadas al nombre 1956-
9 (RLIN) 236969
710 0# - ENTRADA AGREGADA--NOMBRE DE ENTIDAD CORPORATIVA
Nombre de entidad corporativa o nombre de jurisdicción como elemento de entrada Museu d'Art Modern (Tarragona)
9 (RLIN) 5935
852 ## - LOCALIZACIÓN
Ubicación ES-MaACL
Ubicación en estantería Despachos-biblioteca
Número de control de estantería FOLL.DB-5
itemnumber 203492
942 ## - ELEMENTOS DE ENTRADA SECUNDARIOS (KOHA)
Suprimir en OPAC No
Tipo de ítem Koha Folleto
Holdings
Estatus retirado Estado de pérdida Fuente del sistema de clasificación o colocación Estado de daño No para préstamo Colección Biblioteca de origen Biblioteca actual Ubicación en estantería Fecha de adquisición Fuente de adquisición Total de préstamos Signatura topográfica completa Código de barras Visto por última vez Precio de reemplazo Tipo de ítem Koha
    Clasificación decimal universal     Colección de folletos Biblioteca del Ateneo de Madrid Biblioteca del Ateneo de Madrid Despachos-biblioteca 13/06/2024 Donación   FOLL.DB-5 101228504 13/06/2024 13/06/2024 Folleto